Movies Quiz

Random Movies Quiz

Guy Cry Movies Quiz Stats

 Plays Quiz Updated Jun 6, 2013

Also try: Sad Celebrities
Challenge
Share
Tweet
Score 0/24 Timer 06:00
0 Plays Today
Movie % Correct
E.T.: The Extra-Terrestrial
96.3%
Braveheart
93.8%
Toy Story 3
93%
Up
89.7%
Gladiator
89.6%
The Green Mile
87.6%
Million Dollar Baby
82.7%
Good Will Hunting
81.2%
Armageddon
72.7%
The Shawshank Redemption
71%
Turner and Hooch
66.6%
Dead Poets Society
62.7%
Movie % Correct
Old Yeller
62.3%
Schindler's List
61.8%
Hotel Rwanda
61.1%
Rudy
60.2%
Field of Dreams
60.1%
Saving Private Ryan
55.8%
Hoosiers
53.9%
Backdraft
48.5%
Glory
48%
Brian's Song
34.3%
Big Fish
32.2%
Shane
25.9%

You're not logged in!

Compare scores with friends on all Sporcle quizzes.
Join for Free
OR
Log In

You Might Also Like...

Show Comments

Extras

Top Quizzes Today


Score Distribution

Your Account Isn't Verified!

In order to create a playlist on Sporcle, you need to verify the email address you used during registration. Go to your Sporcle Settings to finish the process.

Report this User

Report this user for behavior that violates our Community Guidelines.

Details: